MARC

LEADER 00000nam0a2200000 4500
001 264114
005 20231101233813.0
035 |a (RuTPU)RU\TPU\book\287105 
090 |a 264114 
100 |a 20140616d1988 k y0rusy50 ca 
101 0 |a rus 
102 |a RU 
105 |a a z 001zy 
200 1 |a Эмиссия и рассеяние электронов твердым телом  |e межвузовский сборник научных трудов  |f Ленинградский государственный педагогический институт им. А. И. Герцена (ЛГПИ) 
210 |a Ленинград  |c Изд-во ЛГПИ  |d 1988 
215 |a 96 с.  |c ил. 
320 |a Библиография в конце статей 
606 1 |a Твердые тела  |x Электронная теория  |2 stltpush  |3 (RuTPU)RU\TPU\subj\58714  |9 76471 
610 1 |a эмиссионная электроника 
610 1 |a твердые растворы 
610 1 |a эмиссионные свойства 
610 1 |a электроны 
610 1 |a упругое рассеяние 
610 1 |a неупругое рассеяние 
675 |a 539.2:530.145  |v 3 
712 0 2 |a Ленинградский государственный педагогический институт им. А. И. Герцена (ЛГПИ)  |2 stltpush  |3 (RuTPU)RU\TPU\col\8005 
801 1 |a RU  |b 63413507  |c 20140616 
801 2 |a RU  |b 63413507  |c 20150416  |g RCR 
942 |c BK